ბათუმის შოთა რუსთაველის სახელმწიფო უნივერსიტეტის ბიბლიოთეკა

საქართველო და ქრისტიანული დასავლეთ ევროპის ურთიერთობა (ბიბ.ჩანაწერი № 36534)

000 -LEADER
fixed length control field 00633nam a2200169Ia 4500
001 - CONTROL NUMBER
control field 2452
003 - CONTROL NUMBER IDENTIFIER
control field GE_BSU
008 - FIXED-LENGTH DATA ELEMENTS--GENERAL INFORMATION
fixed length control field 181216s||||||||xx |||||||||||||| ||und||
040 ## - CATALOGING SOURCE
Transcribing agency GE_BSU
245 ## - TITLE STATEMENT
Title საქართველო და ქრისტიანული დასავლეთ ევროპის ურთიერთობა
260 ## - PUBLICATION, DISTRIBUTION, ETC.
Place of publication, distribution, etc. ბათუმი
260 ## - PUBLICATION, DISTRIBUTION, ETC.
Date of publication, distribution, etc. 2002
300 ## - PHYSICAL DESCRIPTION
Extent 70 გვ.
653 ## - INDEX TERM--UNCONTROLLED
Uncontrolled term საქართველო და ქრისტიანული დასავლეთ ევროპის ურთიერთობა
942 ## - ADDED ENTRY ELEMENTS (KOHA)
Koha item type წიგნი
ეგზემპლარები
Withdrawn status Lost status Damaged status Not for loan Date acquired Barcode Date last seen Price effective from Koha item type
        2018-12-17 1616 2018-12-17 2018-12-17 წიგნი